| 000 -ლიდერი |
| ფიქსირებული სიგრძის საკონტროლო ველი |
01231nam a2200205Ia 4500 |
| 001 - საკონტროლო ნომერი |
| საკონტროლო ველი |
3812 |
| 003 - საკონტროლო ნომრის იდენტიფიკატორი |
| საკონტროლო ველი |
GE_BSU |
| 005 - ბოლო ოპერაციის თარიღი და დრო |
| საკონტროლო ველი |
20190816151354.0 |
| 008 - ფიქსირებული სიგრძის მონაცემთა ელემენტები - ზოგადი ინფორმაცია |
| ფიქსირებული სიგრძის საკონტროლო ველი |
181216s1987||||ge |||||||||||||| ||geo|| |
| 040 ## - კატალოგიზაციის წყარო |
| Transcribing agency |
GE_BSU |
| 041 ## - ენის კოდი |
| Language code of text/sound track or separate title |
geo |
| 080 ## - უნივერსალური ათობითი კლასიფიკაციის ინდექსი |
| Universal Decimal Classification number |
1+502 ფ–56 |
| 245 ## - ცნობა სათაურის შესახებ |
| Title |
ფილოსოფია და ბუნებისმეტყველება : |
| Remainder of title |
სტატიების კრებული / |
| Statement of responsibility, etc |
რედ.: ს. ავალიანი ; საქ. სსრ მეცნ. აკად. მეცნ. და ტექნ. ფილოს. და სოც. საკითხების კომპლ. პრობლემის შემსწ. სამეცნ. საბჭო. |
| 300 ## - ფიზიკური აღწერა |
| Extent |
181 გვ. ; |
| Other physical details |
21 სმ. |
| 653 ## - INDEX TERM--UNCONTROLLED |
| Uncontrolled term |
ბუნებისმეტყველება |
| 653 ## - INDEX TERM--UNCONTROLLED |
| Uncontrolled term |
ფილოსოფია |
| 700 ## - ADDED ENTRY--PERSONAL NAME |
| Personal name |
ავალიანი, ს. |
| Relator term |
რედაქტორი |
| 9 (RLIN) |
3652 |
| 710 ## - ADDED ENTRY--CORPORATE NAME |
| Corporate name or jurisdiction name as entry element |
საქ. სსრ მეცნ. აკად. მეცნ. და ტექნ. ფილოს. და სოც. საკითხების კომპლ. პრობლემის შემსწ. სამეცნ. საბჭო. |
| 9 (RLIN) |
3653 |
| 942 ## - ADDED ENTRY ELEMENTS (KOHA) |
| Koha item type |
წიგნი |
| Source of classification or shelving scheme |
|